Flags of countries bordering Iran - Sudden Death - Statistics

General Stats
  • This quiz has been taken 15 times
  • The average score is 3 of 7
Answers on the Grid
Answers color-coded by a green-red scale on the quiz's grid according to % correct below.
 
Answer Stats
Answer % Correct
63%
63%
50%
38%
38%
38%
25%
No matching quizzes found
Score Distribution
Percent of People with Each Score
Percentile by Number Answered
Your Score History
You have not taken this quiz